U.S. Presidents by Religion - Statistics

General Stats
  • This quiz has been taken 166 times
  • The average score is 20 of 45
Answer Stats
President Religion % Correct
John F. Kennedy Catholic
92%
Joe Biden Catholic
92%
Warren G. Harding Baptist
69%
Harry Truman Baptist
69%
Jimmy Carter Baptist
69%
Bill Clinton Baptist
69%
James K. Polk Methodist
61%
Ulysses S. Grant Methodist
61%
William McKinley Methodist
61%
George W. Bush Methodist
61%
Andrew Johnson Christian
60%
Rutherford B. Hayes Protestant
59%
Barack Obama Protestant
59%
Donald Trump Protestant
59%
Andrew Jackson Presbyterian
47%
James Buchanan Presbyterian
47%
Grover Cleveland Presbyterian
47%
Benjamin Harrison Presbyterian
47%
Woodrow Wilson Presbyterian
47%
Dwight D. Eisenhower Presbyterian
47%
Ronald Reagan Presbyterian
47%
Herbert Hoover Quaker
43%
Richard Nixon Quaker
43%
George Washington Episcopalian
35%
James Madison Episcopalian
35%
James Monroe Episcopalian
35%
William Henry Harrison Episcopalian
35%
John Tyler Episcopalian
35%
Zachary Taylor Episcopalian
35%
Franklin Pierce Episcopalian
35%
Chester A. Arthur Episcopalian
35%
Franklin D. Roosevelt Episcopalian
35%
Gerald Ford Episcopalian
35%
George H.W. Bush Episcopalian
35%
John Adams Unitarian
29%
John Quincy Adams Unitarian
29%
Millard Fillmore Unitarian
29%
William Howard Taft Unitarian
29%
Martin Van Buren Reformed
22%
Theodore Roosevelt Reformed
22%
Calvin Coolidge Reformed
22%
Thomas Jefferson Deism
21%
Abraham Lincoln Unknown
9%
James Garfield Restorationist
5%
Lyndon B. Johnson Restorationist
5%
No matching quizzes found
Score Distribution
Percent of People with Each Score
Percentile by Number Answered
Your Score History
You have not taken this quiz